[Event "Baltic Zonal 2017"]
[Site "Liepaja"]
[Date "2017.06.20"]
[Round "7"]
[White "Garanin, Aleksei"]
[Black "Berzinsh, Roland"]
[Result "1/2-1/2"]
[WhiteElo "2220"]
[BlackElo "2434"]
[Annotator "TA"]
[PlyCount "78"]
[EventDate "2017.??.??"]
[EventType "swiss"]
[EventCountry "LAT"]
[SourceTitle "playchess.com"]
[Source "ChessBase"]
[SourceQuality "1"]

{[%evp 18,78,30,26,19,12,18,14,26,22,46,20,18,10,43,15,70,81,69,52,112,118,179,48,51,48,49,51,59,31,34,0,21,0,36,35,29,12,12,12,7,6,7,6,12,0,0,0,22,0,56,60,144,0,0,0,24,24,26,31,31,0,31]} 1. d4 d5 2. Nf3 Nf6 3. c4 dxc4 4. e3 b5 5. a4 b4 6. Bxc4 {D25: Queen's Gambit Accepted: 4 e3: sidelines and 4...Bg4} e6 7. Nbd2 Be7 8. O-O O-O 9. b3 Nbd7 10. Bb2 {LiveBook: 4 Games} c5 11. Qe2 Bb7 12. Rfd1 $146 cxd4 13. Bxd4 Qa5 14. Rac1 Rfc8 15. Bb5 a6 16. Bd3 Nd5 ({Better is} 16... Rxc1 $11 17. Rxc1 Rd8) 17. Nc4 $14 Qd8 18. Nfe5 N7f6 (18... Nxe5 $14 19. Nxe5 (19. Bxe5 Bf6 $14) 19... g6) 19. Bb1 $16 Qc7 {[#]} (19... Qe8 $16) 20. e4 (20. Nxf7 $1 $18 {[%mdl 512] aiming for Ng5.} Nc3 (20... Kxf7 21. Ne5+) 21. Bxc3 bxc3 22. Nfd6) 20... Nc3 $1 $14 {[%cal Rc3e2]} 21. Bxc3 bxc3 22. Rxc3 Bb4 23. Rg3 Rd8 24. Ng4 {Strongly threatening Nxf6+.} Nxg4 25. Qxg4 {[%csl Gg3][%cal Rg4g7]} g6 26. Rgd3 a5 27. Qg3 Rxd3 28. Bxd3 Qxg3 29. hxg3 Rd8 30. e5 h5 31. Kf1 (31. Be2 $5 {[%cal Rd1d8]} Rxd1+ 32. Bxd1 $11) 31... Kf8 32. Ne3 Bc3 33. f4 (33. Bxg6 $5 {[%cal Rd1d8]} Rxd1+ 34. Nxd1 $14) 33... Rd4 (33... Ke7 $11) 34. Ke2 $1 Rd7 {[#]} (34... g5 $14) 35. Rc1 ({White should play} 35. Bxg6 $1 $16 {[%mdl 512]} Rxd1 (35... fxg6 36. Rxd7) 36. Nxd1) 35... Bb4 $11 36. Rc2 Rd8 37. Rc7 Bd5 38. Bc2 Ba8 39. Bd3 Bd5 {Precision: White = 42%, Black = 37%.} 1/2-1/2

[Event "Baltic Zonal 2017"]
[Site "Liepaja"]
[Date "2017.06.21"]
[Round "8"]
[White "Neiksans, Arturs"]
[Black "Volodin, Aleksandr"]
[Result "1-0"]
[WhiteElo "2581"]
[BlackElo "2482"]
[Annotator "TA"]
[PlyCount "97"]
[EventDate "2017.??.??"]
[EventType "swiss"]
[EventCountry "LAT"]
[SourceTitle "playchess.com"]
[Source "ChessBase"]
[SourceQuality "1"]

{[%evp 17,97,27,22,35,26,27,41,30,44,43,32,31,36,42,54,54,54,54,51,54,64,62,66,62,62,51,56,60,85,75,154,158,151,147,156,156,157,148,152,163,281,107,119,111,258,274,277,279,258,281,490,472,466,466,466,447,435,466,426,389,293,300,287,291,616,585,728,714,707,673,883,883,839,816,743,659,1297,1289,2022,1631,1654,1476]} 1. e4 c5 2. Nf3 Nc6 3. d4 cxd4 4. Nxd4 e5 5. Nb5 a6 6. Nd6+ Bxd6 7. Qxd6 Qe7 8. Qd1 Nf6 9. Nc3 d6 10. Be3 {B32: Sicilian: Löwenthal and Kalashnikov Variations} (10. Bd3 Be6 11. O-O h6 12. f4 exf4 13. Bxf4 Ne5 14. Be2 Rc8 15. Qd4 Bc4 16. Bd3 O-O 17. a4 Rfe8 {1-0 (82) Motylev,A (2658)-Li,C (2720) Fufeng 2017}) 10... Be6 11. Be2 O-O 12. O-O {White is slightly better.} Qd8 $146 ({Predecessor:} 12... Rfc8 13. Na4 Rd8 14. Nb6 Rab8 15. Nd5 Bxd5 16. exd5 Nd4 17. Bxd4 exd4 {1-0 (52) Malakhov,I (2451)-Zwardon,V (2421) Pardubice 2016}) 13. Qd2 d5 14. exd5 $1 Nxd5 15. Nxd5 Qxd5 16. Qxd5 Bxd5 17. Rfd1 Be6 18. Bb6 Rac8 19. c4 f5 20. b3 Rfe8 21. Rd2 Kf7 22. Rad1 e4 23. f3 Ne5 (23... exf3 $142 24. Bxf3 Ne5) 24. fxe4 $16 fxe4 25. Rf1+ Kg6 26. Rf4 Rc6 27. Be3 (27. Rxe4 Bf5 $11) 27... h6 28. Rd4 Bf5 (28... Nd7 $142 29. Rdxe4 (29. Rfxe4 Nf6 $16) 29... Nf6) 29. g4 $2 (29. Rd5 $18 {and the rest is easy.}) 29... Bd7 30. Rdxe4 Rce6 {[#]} (30... Kh7 $16 {was called for.}) 31. Rxe5 $1 $18 Rxe5 32. Bd3+ Kg5 33. Re4+ $1 Kh4 $2 {[#]} (33... Kf6 {was necessary.} 34. Bd4 Bc6) 34. Bf2+ $1 Kg5 35. h4+ Kf6 36. Bd4 g5 37. hxg5+ (37. Bxe5+ Rxe5 38. Rd4 Be6 $16) 37... hxg5 38. Kf2 (38. Bxe5+ Rxe5 39. Kf2 Rxe4 $16) 38... Bc6 39. Re3 (39. Rxe5 Rxe5 40. Bf5 (40. Bxe5+ Kxe5 41. Ke3 Bd7 $16) 40... a5 $16) 39... Bd7 40. Be2 (40. Bxe5+ Rxe5 41. Rh3 Re7 $16) 40... R8e7 $2 (40... a5 41. Bf3 (41. Rxe5 Rxe5 42. c5 Bc6 $16) 41... b6) 41. Bf3 {White is clearly winning.} ({Weaker is} 41. Rxe5 Rxe5 42. b4 b6 $16) 41... Bc8 42. c5 ({Not} 42. Rxe5 Rxe5 43. Bd5 Bxg4 $18) 42... Re8 43. Ke2 R8e7 44. Kd3 ({Less strong is} 44. Rxe5 Rxe5+ 45. Bxe5+ Kxe5 $18) 44... Re8 45. Kc4 R8e7 46. Kb4 Re8 47. Ka5 R8e6 48. Rxe5 Rxe5 49. Kb6 {Precision: White = 80%, Black = 43%.} 1-0

[Event "Baltic Zonal 2017"]
[Site "Liepaja"]
[Date "2017.06.21"]
[Round "8"]
[White "Sulskis, Sarunas"]
[Black "Garanin, Aleksei"]
[Result "1-0"]
[WhiteElo "2521"]
[BlackElo "2220"]
[Annotator "TA"]
[PlyCount "85"]
[EventDate "2017.??.??"]
[EventType "swiss"]
[EventCountry "LAT"]
[SourceTitle "playchess.com"]
[Source "ChessBase"]
[SourceQuality "1"]

{[%evp 16,85,21,-23,32,7,27,6,102,102,109,110,106,120,175,113,151,130,131,96,138,142,138,131,133,106,102,102,100,91,89,98,180,187,187,180,195,180,184,156,145,83,85,74,78,74,81,75,85,79,101,90,135,145,140,150,143,126,107,97,128,118,157,122,514,508,510,505,503,495,487,456]} 1. e4 c5 2. Nc3 d6 3. f4 Nf6 4. Nf3 g6 5. Bc4 Bg7 6. O-O O-O 7. d3 Nc6 8. Qe1 Nd4 9. Qh4 {LiveBook: 3 Games. B23: Closed Sicilian: Lines without g3} (9. Nxd4 cxd4 10. Nd5 Nxd5 11. Bxd5 e6 12. Bb3 a5 13. a4 Bd7 14. Bd2 Kh8 15. Rf2 Qb6 16. Re2 Qc7 17. Qh4 f5 18. Rae1 fxe4 19. Rxe4 {1-0 (44) Robson,R (2596)-Le,Q (2714) Moscow 2012}) 9... Bg4 (9... Nxc2 $11 10. Rb1 Bg4) 10. Nxd4 $14 cxd4 11. Nd5 {White has an edge.} Be6 (11... Nxd5 $11 {remains equal.} 12. Bxd5 Be6) 12. f5 $1 $16 {[%cal Rf5e6]} Bxd5 13. exd5 Nd7 $146 ({Predecessor:} 13... Rc8 14. Bg5 b5 15. Bb3 Qb6 16. Rae1 Rc7 17. fxg6 hxg6 18. Rf3 a5 19. Rh3 Rfc8 20. Bh6 Bh8 21. a4 bxa4 22. Bxa4 Qxb2 23. Bc1 {1-0 (23) Urquhart,E (2214)-Nguyen,K Montreal 2002}) 14. Bg5 Re8 (14... Bf6 $16 {is a better defense.}) 15. fxg6 (15. Rae1 $1 $18) 15... hxg6 16. Rf3 f6 17. Bh6 $1 Kf7 {...Rh8 is the strong threat.} 18. Bxg7 $1 Kxg7 19. Qxd4 Ne5 20. Rg3 Qa5 21. Bb3 Qc5 22. Qe3 Qxe3+ 23. Rxe3 g5 (23... b5 $16 {keeps fighting.} 24. d4 Nc4 25. Bxc4 bxc4) 24. d4 $18 Ng6 25. c3 Rac8 26. Rae1 b5 27. Bc2 b4 28. Bxg6 (28. g3 $142) 28... Kxg6 $16 29. cxb4 Rc4 30. Rxe7 Rxe7 31. Rxe7 Rxb4 {[%mdl 4096] Endgame [#] KR-KR} 32. b3 $1 a5 {[#]} 33. Ra7 $1 Rb5 34. Kf2 Rxd5 35. Ke3 g4 36. Ra6 Kf5 37. Ra8 Ke6 38. Re8+ Kd7 39. Rg8 f5 $2 {[%mdl 8192]} (39... Rh5 $16 {is a better chance.}) 40. a4 $18 {White is clearly winning.} f4+ 41. Ke4 Rh5 {and the idea ...f3 leaves Black hopeful.} 42. Rxg4 Rxh2 43. Rg5 {Precision: White = 79%, Black = 41%.} 1-0

[Event "Baltic Zonal 2017"]
[Site "Liepaja"]
[Date "2017.06.21"]
[Round "8"]
[White "Kantans, Toms"]
[Black "Kveinys, Aloyzas"]
[Result "0-1"]
[WhiteElo "2490"]
[BlackElo "2526"]
[Annotator "TA"]
[PlyCount "106"]
[EventDate "2017.??.??"]
[EventType "swiss"]
[EventCountry "LAT"]
[SourceTitle "playchess.com"]
[Source "ChessBase"]
[SourceQuality "1"]

{[%evp 27,106,15,24,10,10,9,14,14,39,32,34,22,13,6,19,18,19,14,20,23,40,19,43,14,31,13,21,10,37,29,35,-25,-28,-177,-168,-230,-220,-249,-234,-287,-243,-403,-397,-387,-394,-382,-323,-389,-392,-407,-401,-382,-390,-438,-432,-518,-495,-497,-478,-477,-493,-539,-550,-582,-563,-616,-605,-564,-572,-763,-651,-1002,-1008,-1633,-1606,-1903,-1627,-29991,-3276,-29998,-29999]} 1. e4 e5 2. Nf3 Nc6 3. Bb5 a6 4. Ba4 d6 5. O-O Bd7 6. d4 exd4 7. Nxd4 Nxd4 8. Bxd7+ Qxd7 9. Qxd4 Nf6 10. Nc3 Be7 {C72: Ruy Lopez: Deferred Steinitz: 5 0-0} 11. Bg5 {[%cal Bc1g5,Bg5h4,Bh4g3,Bg3h2][%mdl 32]} h6 12. Bh4 Qg4 13. Bg3 O-O 14. Rad1 Rfe8 {[#] LiveBook: 3 Games} 15. h3 $146 ({Predecessor:} 15. Rfe1 Rad8 16. a4 Qc8 17. h3 c6 18. Bh4 {½-½ (42) Wang,H (2678)-Demchenko,A (2632) Subic Bay 2016}) 15... Qe6 16. Rfe1 Nh5 17. Nd5 Rac8 18. Bh2 {And now e5 would win.} Nf6 19. Qa4 Bf8 {...Nxd5 is the strong threat.} 20. Re3 Nd7 21. c4 c6 22. Nf4 Qf6 23. Qc2 Ne5 24. b3 g6 25. a4 Nd7 26. Bg3 a5 27. Nd3 Re6 28. c5 d5 {[%cal Bd6d5,Bd5e4][%mdl 32]} 29. Nf4 ({White should try} 29. Rf3 $14 Qg5 30. exd5 cxd5 31. Nf4) 29... Ree8 $11 30. Ree1 {[#]} (30. Re2 $11) 30... g5 $1 $19 {[%cal Rg5f4]} ({Don't play} 30... Nxc5 31. exd5 Rxe1+ 32. Rxe1 $15) 31. Nd3 (31. e5 $142 Nxe5 32. Nh5 Nf3+ 33. Kf1 Rxe1+ 34. Rxe1) 31... dxe4 ({But not} 31... Rxe4 32. f3 $17) 32. Nb2 Nxc5 33. Re3 Na6 {[%cal Bc5a6,Ba6b4,Bb4d3][%mdl 32]} 34. Rde1 $2 (34. Nc4 {keeps fighting.}) 34... Nb4 35. Qc1 Bg7 36. R3e2 Re6 37. Qb1 b5 {[%cal Bb7b5,Bb5b4][%mdl 32]} 38. Nd1 Nd3 39. Rf1 Qg6 40. Rc2 Ree8 41. Nc3 b4 42. Ne2 f5 43. f4 c5 44. Rc4 Rcd8 45. Qc2 Kh7 46. fxg5 hxg5 47. Bc7 Rd7 48. Bxa5 f4 {[%cal Bf5f4,Bf4f3][%mdl 32]} 49. h4 Rf7 50. hxg5 f3 51. Ng3 f2+ 52. Kh2 Rf4 (52... Be5 $142 53. Qe2 Kg8 54. Qxf2 Nxf2 55. Rxe4 Bxg3+ 56. Kg1 {[#]} Bh2+ $1 {[%mdl 512]} 57. Kxh2 Qh5+ 58. Rh4 Qxh4+ 59. Kg1 Qh1#) 53. Nxe4 Qh5+ {Precision: White = 31%, Black = 62%.} 0-1

[Event "Baltic Zonal 2017"]
[Site "Liepaja"]
[Date "2017.06.21"]
[Round "8"]
[White "Meskovs, Nikita"]
[Black "Ladva, Ottomar"]
[Result "1-0"]
[WhiteElo "2479"]
[BlackElo "2530"]
[Annotator "TA"]
[PlyCount "131"]
[EventDate "2017.??.??"]
[EventType "swiss"]
[EventCountry "LAT"]
[SourceTitle "playchess.com"]
[Source "ChessBase"]
[SourceQuality "1"]

{[%evp 23,131,0,-11,-10,-10,-16,0,0,0,-15,14,0,0,0,0,0,0,0,0,0,0,0,0,0,0,-15,0,0,-8,-41,-45,-39,-31,-88,-88,-83,-83,-80,-88,-83,-81,-82,-81,-85,-80,-99,-107,-107,-103,-102,-124,-141,-83,-157,-148,-167,-52,-279,-272,-220,-8,-8,-25,-95,-22,-86,-8,-8,0,0,0,0,1339,1359,1336,1315,1277,172,179,321,418,239,236,134,142,147,1203,1134,1085,1020,836,790,5401,5089,2336,2231,29973,29974,29975,29976,29976,29977,29977,29978,29977,29978,29978,29979,29979,29980]} 1. c4 e6 2. Nf3 d5 3. g3 dxc4 4. Bg2 Nd7 5. Qa4 a6 6. Qxc4 b5 7. Qc2 Bb7 8. O-O Ngf6 9. a4 c5 10. Nc3 Qb6 11. d3 Be7 {A13: English Opening: 1...e6} 12. e4 (12. Qb3 b4 13. a5 Qd8 14. Nb1 Bd5 15. Qc2 O-O 16. Nbd2 Nb8 17. Rd1 Ra7 18. e4 Ba8 19. Nb3 {0-1 (49) Nakamura,H (2776)-Kramnik,V (2783) Zuerich 2015}) 12... O-O {LiveBook: 4 Games} 13. Bf4 Rac8 {The position is equal.} 14. Rfd1 Rfd8 15. axb5 $146 ({Predecessor:} 15. Qe2 Nb8 16. Ne5 Nc6 17. Nxc6 Bxc6 18. Be3 Qb7 19. axb5 axb5 {½-½ (41) Horton,A (2279)-Ladva,O (2434) Karpacz 2015}) 15... axb5 16. h3 c4 17. Be3 cxd3 18. Qxd3 Bc5 19. Nd4 {[%cal Bf3d4,Bd4b5,Bb5d6][%mdl 32]} Ne5 {[%cal Bd7e5,Be5c4,Bc4e3][%mdl 32]} 20. Qxb5 Qxb5 21. Ndxb5 Bxe3 22. fxe3 Nc4 $36 {[%mdl 2048] Black has good play.} 23. Rxd8+ Rxd8 24. Rd1 Rb8 25. Nd6 Nxe3 26. Rd3 (26. Ra1 {feels hotter.} Ne8 27. Nxe8 Rxe8 28. Bf1 Kf8 29. Bb5) 26... Nxg2 27. Nxb7 Ne1 28. Rd8+ (28. Rd1 $15) 28... Rxd8 $17 29. Nxd8 {[%mdl 4096] Endgame KNN-KNN} Nd3 30. b3 Nc5 31. b4 Ncxe4 32. Nxe4 Nxe4 {KN-KN} 33. b5 Nc5 34. Kf2 Kf8 35. Nc6 f6 36. Ke3 e5 37. g4 Ke8 (37... Kf7 $142 38. Kd2 Ke6) 38. Nb4 (38. g5 $142) 38... Kd7 39. h4 g6 (39... Kd6 $19 {Strongly threatening ...Nd7.} 40. Kf3 Nb3) 40. g5 $2 {[#]} ({Better is} 40. b6 $15) 40... f5 $1 $19 41. Nd5 f4+ $2 (41... Ke6 $19 42. Nc7+ Kd6 43. Ne8+ Ke7) 42. Kf3 $11 Ke6 43. Nf6 {[#]} (43. Nc3 $11) 43... h6 $1 {[%mdl 512]} 44. Kg4 (44. b6 $11 {keeps the balance.} hxg5 45. hxg5) (44. gxh6 Kxf6) 44... hxg5 ({Black should try} 44... Nd7 $17 45. Ng8 hxg5 46. hxg5 Kd6) 45. Kxg5 Kf7 46. b6 f3 {( -> ...f2)} 47. Ng4 Ne4+ $2 {[%mdl 8192]} (47... e4 $11) 48. Kh6 $18 f2 {[#]} 49. Nxf2 $1 {[%mdl 512]} Nd6 (49... Nxf2 50. b7) 50. Kg5 $2 (50. Ng4 e4 51. Kg5) 50... Kg7 51. Nd1 Nf7+ 52. Kg4 Nd8 53. Nc3 {Threatens to win with Ne4.} Nb7 54. Ne4 {Hoping for Kg5.} Kf7 $2 {[%mdl 8192]} (54... Kh6 $16 55. Kf3 Kh5) 55. Kg5 Kg7 56. Nf6 Nc5 57. Ne8+ Kf7 58. Nd6+ Kg7 59. b7 Nxb7 60. Nxb7 {KN-KPP. White mates.} e4 61. Nc5 e3 62. Ne6+ Kf7 63. Nf4 Kg7 64. Ne2 Kf7 65. Ng3 Kg7 66. Kf4 {Precision: White = 61%, Black = 41%.} 1-0

[Event "Baltic Zonal 2017"]
[Site "Liepaja"]
[Date "2017.06.21"]
[Round "8"]
[White "Kanep, Meelis"]
[Black "Miezis, Normunds"]
[Result "1/2-1/2"]
[WhiteElo "2451"]
[BlackElo "2452"]
[Annotator "TA"]
[PlyCount "47"]
[EventDate "2017.??.??"]
[EventType "swiss"]
[EventCountry "LAT"]
[SourceTitle "playchess.com"]
[Source "ChessBase"]
[SourceQuality "1"]

{[%evp 21,47,86,100,51,76,63,89,78,89,87,100,99,93,99,85,69,72,72,89,64,70,71,72,72,72,57,64,62]} 1. d4 Nf6 2. c4 e6 3. Nf3 Bb4+ 4. Nbd2 d5 5. Qa4+ Nc6 6. e3 O-O 7. a3 Bxd2+ 8. Bxd2 {[%cal Bc1d2,Bd2e1,Be1g3][%mdl 32]} Ne4 9. Qc2 a5 10. Bd3 f5 11. O-O Bd7 {LiveBook: 6 Games. E11: Bogo-Indian} 12. Be1 (12. b4 Ne7 13. bxa5 Nxd2 14. Qxd2 Ng6 15. cxd5 exd5 16. Rab1 Ra7 17. Rfc1 c6 18. Rb6 Qe7 19. Qb4 {1-0 (40) Moiseenko,A (2710)-Miezis,N (2596) Al Ain 2012}) 12... a4 13. Rc1 $146 ({Predecessor:} 13. Nd2 Na5 14. Nxe4 fxe4 15. Be2 Nb3 16. Rd1 Be8 17. f3 Bg6 18. Qc3 Bh5 19. Bg3 {0-1 (64) Mekhitarian,K (2531)-Ernst,S (2554) Maastricht 2012}) 13... Be8 14. cxd5 exd5 15. Ne5 Qf6 16. f3 Nd6 17. Bg3 Qe6 18. Kh1 Rc8 19. Rfe1 g6 20. Qc3 Nxe5 21. dxe5 Nf7 22. e4 fxe4 23. fxe4 {[%cal Bf3e4,Be4d5][%mdl 32]} Bc6 24. exd5 {Precision: White = 54%, Black = 69%.} 1/2-1/2

[Event "Baltic Zonal 2017"]
[Site "Liepaja"]
[Date "2017.06.21"]
[Round "8"]
[White "Stremavicius, Titas"]
[Black "Krupenski, Juri"]
[Result "1/2-1/2"]
[WhiteElo "2448"]
[BlackElo "2417"]
[Annotator "TA"]
[PlyCount "77"]
[EventDate "2017.??.??"]
[EventType "swiss"]
[EventCountry "LAT"]
[SourceTitle "playchess.com"]
[Source "ChessBase"]
[SourceQuality "1"]

{[%evp 17,77,-31,-33,-50,-29,-35,0,0,0,0,0,0,0,0,0,0,0,0,10,2,28,-5,0,-7,0,0,28,18,26,25,34,19,37,1,1,1,1,1,52,6,12,0,9,0,0,10,19,0,0,0,56,64,43,22,38,0,0,0,0,0,0,0]} 1. g3 Nf6 2. Bg2 e6 3. f4 d5 4. Nf3 c5 5. O-O Nc6 6. d3 Be7 7. c3 O-O 8. a4 b6 9. Na3 Bb7 10. Qc2 {A03: Bird's Opening with 1...d5} Rc8 $146 ({Predecessor:} 10... d4 11. e4 dxe3 12. Bxe3 Ng4 13. Bd2 Qd7 14. Nc4 Rad8 15. h3 Nf6 16. Nfe5 Nxe5 17. Nxe5 Qc7 {½-½ (56) Nguyen,P (2368)-Chernyshov,K (2555) Olomouc 2009}) 11. e4 {[#]} Nb4 $1 {[%mdl 512]} 12. Qe2 $1 (12. cxb4 cxb4) 12... dxe4 13. dxe4 Qd3 14. Re1 {Strongly threatening e5.} Qxe2 15. Rxe2 Nd3 16. e5 Nd5 17. Ne1 Nxe1 18. Rxe1 {[#] Hoping for c4.} c4 19. h4 h5 20. Bf1 Bxa3 21. Rxa3 a6 22. Kf2 Rfd8 23. Be2 (23. Be3 $5) 23... g6 24. Be3 Rd7 25. Rb1 Nxe3 26. Kxe3 Bd5 27. Rd1 Rcc7 (27... Rb7 $11) 28. Rd4 (28. b3 $5 {[%cal Rb3c4]}) 28... Kf8 29. Ra1 (29. b3 $5) 29... b5 30. Rad1 Ke7 31. axb5 (31. a5 {with more complications.} Rd8 32. Bf3 Bxf3 33. Rxd8 Bxd1 34. Rxd1 Rd7 35. Rd4) 31... axb5 32. f5 gxf5 33. Bxh5 f6 ({Black should try} 33... Rd8 $1 $11) 34. exf6+ $14 Kxf6 35. Bf3 {[%cal Rf3d5]} Bc6 36. Rd6 Rxd6 {The position is equal.} 37. Rxd6 Bxf3 38. Kxf3 b4 39. g4 {Precision: White = 25%, Black = 36%.} 1/2-1/2

[Event "Baltic Zonal 2017"]
[Site "Liepaja"]
[Date "2017.06.21"]
[Round "8"]
[White "Berzinsh, Roland"]
[Black "Kulaots, Kaido"]
[Result "1/2-1/2"]
[WhiteElo "2434"]
[BlackElo "2597"]
[Annotator "TA"]
[PlyCount "30"]
[EventDate "2017.??.??"]
[EventType "swiss"]
[EventCountry "LAT"]
[SourceTitle "playchess.com"]
[Source "ChessBase"]
[SourceQuality "1"]

{[%evp 16,30,17,22,15,16,16,19,13,2,3,0,31,0,0,0,28]} 1. d4 Nf6 2. Bf4 g6 3. Nf3 Bg7 4. c3 d6 5. h3 O-O 6. Nbd2 c5 {A48: 1 d4 Nf6 2 Nf3 g6: Torre, London and Colle Systems} 7. dxc5 dxc5 8. e4 Nc6 9. Be2 {LiveBook: 4 Games} Nh5 10. Be3 $146 ({Predecessor:} 10. Bh2 b6 11. e5 Bh8 12. Qa4 Bb7 13. Qh4 Ng7 14. Ng5 {½-½ (37) Kamsky,G (2741)-Grischuk,A (2779) Thessaloniki 2013}) 10... b6 11. e5 {aiming for g4.} Bh8 12. Bh6 Bg7 13. Be3 {Black must now prevent g4.} Bh8 $1 14. Bh6 Bg7 15. Be3 {Hoping for g4.} Bh8 $1 1/2-1/2

[Event "Baltic Zonal 2017"]
[Site "Liepaja"]
[Date "2017.06.21"]
[Round "8"]
[White "Malisauskas, Vidmantas"]
[Black "Krivonosov, Oleg"]
[Result "1/2-1/2"]
[WhiteElo "2417"]
[BlackElo "2426"]
[Annotator "TA"]
[PlyCount "35"]
[EventDate "2017.??.??"]
[EventType "swiss"]
[EventCountry "LAT"]
[SourceTitle "playchess.com"]
[Source "ChessBase"]
[SourceQuality "1"]

{[%evp 13,14,0,33]} 1. d4 d5 2. c4 e6 3. Nf3 Nf6 4. Nc3 Be7 5. Bg5 h6 6. Bh4 O-O 7. e3 Ne4 {LiveBook: 1503 Games} {Predecessor:} 8. Bxe7 $146 Qxe7 9. Rc1 c6 10. g4 Nd7 11. h4 e5 12. cxd5 Nxc3 13. Rxc3 cxd5 14. g5 e4 15. Nd2 hxg5 16. Qh5 g6 17. Qxg5 Qxg5 18. hxg5 {1-0 (48) Matlakov,M (2714)-Howell,D (2684) Minsk 2017} 1/2-1/2

[Event "Baltic Zonal 2017"]
[Site "Liepaja"]
[Date "2017.06.21"]
[Round "8"]
[White "Sveshnikov, Vladimir"]
[Black "Shishkov, Andrei"]
[Result "1/2-1/2"]
[WhiteElo "2383"]
[BlackElo "2377"]
[Annotator "TA"]
[PlyCount "136"]
[EventDate "2017.??.??"]
[EventType "swiss"]
[EventCountry "LAT"]
[SourceTitle "playchess.com"]
[Source "ChessBase"]
[SourceQuality "1"]

{[%evp 22,136,13,0,0,0,0,0,0,-46,-41,-40,-32,-35,-33,-37,-35,-17,-22,-24,-28,-127,-20,-22,123,120,128,123,130,122,122,116,168,83,91,86,95,83,87,85,85,80,92,94,74,57,63,57,81,51,54,45,52,0,52,52,52,52,59,59,70,50,54,54,60,59,60,0,77,51,70,64,72,59,59,60,64,10,11,12,74,67,114,112,256,3,67,10,12,4,133,8,324,248,8012,6244,11478,9551,12373,10915,9720,5690,5690,367,300,68,70,8,8,8,8,8,8,8,8,8,8]} 1. c4 e6 2. Nc3 Nf6 3. e4 d5 4. e5 d4 5. exf6 dxc3 6. bxc3 Qxf6 7. d4 b6 8. Nf3 Bb7 9. Be2 h6 {A18: English Opening: Flohr-Mikenas System (1 c4 Nf6 2 Nc3 e6 3 e4)} 10. O-O Bd6 (10... Nd7 11. a4 a5 12. Be3 Bd6 13. Rb1 Be4 14. Rb2 O-O 15. Nd2 Bc6 16. Bf3 Bxf3 17. Qxf3 Qxf3 18. Nxf3 {½-½ (31) Demuth,A (2550)-Bluebaum,M (2628) Bad Ragaz 2016}) 11. c5 bxc5 12. Qa4+ {LiveBook: 3 Games} Bc6 13. Bb5 Bxb5 14. Qxb5+ Nd7 $1 15. dxc5 $146 (15. Be3 $5 {[%cal Rd4c5]} Qe7 16. Ne5 $15) ({Predecessor:} 15. Ne5 Bxe5 16. dxe5 Qxe5 17. Rd1 {1-0 (59) Alvarez,J (2384)-Hevia Alejano,C (2308) Santa Clara 2008}) 15... Bxc5 16. Rd1 Rd8 17. Bb2 a6 18. Qxa6 O-O 19. Qe2 $1 Nb6 20. c4 Qf4 21. Ne5 (21. Rdc1 $11) 21... Rxd1+ (21... Na4 $17 22. Nd3 Qxc4) 22. Rxd1 $11 Ra8 (22... Na4 $11) 23. Nd3 $36 {[%mdl 2048] White is really pushing.} Qxc4 24. Rc1 Bxf2+ 25. Kxf2 Qh4+ 26. Kg1 Rxa2 27. Qe5 (27. Rxc7 $18 {is more deadly. Black must now prevent Qf3.} Nd5 28. Rb7 (28. Rc8+ Kh7 $16)) 27... Qg5 28. Qxg5 (28. Qxc7 $6 Qe3+ 29. Kh1 Qxd3 $11) 28... hxg5 29. Rxc7 Nd5 30. Rb7 Ra4 31. h3 g4 32. hxg4 Rxg4 33. Kf2 f6 34. Rd7 (34. Nc5 $5 {[%cal Rc5e6]} Rb4 35. Rxb4 Nxb4 36. Kf3 $16) 34... Rg5 35. Kf3 Rf5+ 36. Ke4 {Strongly threatening g4.} Rg5 37. Kf3 {And now g4 would win.} Rf5+ $1 38. Ke2 Rg5 39. Ne1 Nf4+ 40. Kf3 Ng6 41. Rb7 Rf5+ 42. Ke3 Rg5 43. Rb6 Kf7 44. Rb7+ Kg8 $1 45. Bc1 Ne5 46. Re7 Ng4+ 47. Kf3 Nh2+ 48. Kf2 Rf5+ 49. Kg3 (49. Kg1 $14 Rf1+ 50. Kxh2 Rxe1 51. Rc7) 49... Nf1+ $11 50. Kg4 Re5 (50... Rc5 $1 $11 {keeps the balance.}) 51. Nd3 $16 Rd5 52. Nf4 Rd1 {[#]} (52... Rg5+ $16 53. Kf3 e5) 53. Bb2 $2 (53. Nxe6 Rxc1 54. Kf5 (54. Nxg7 Ne3+ 55. Rxe3 Kxg7 $11) (54. Rxg7+ Kh8 $14) 54... Rc2 $14) ({White must play} 53. Rc7 $1 $18) 53... e5 ({Black should try} 53... Ne3+ $11 54. Kf3 Nc4) 54. Kf5 (54. Ne6 $14 Ne3+ 55. Kf3) 54... Kh7 $11 55. Ne6 Ne3+ $1 56. Ke4 Re1 $2 {[%mdl 8192]} (56... Nc4 $1 $11) 57. Bc3 f5+ $2 (57... Re2 58. Rxg7+ Kh8) 58. Kf3 $18 e4+ 59. Kf2 Rc1 60. Kxe3 Rxc3+ {[%mdl 4096] Endgame KRN-KR} 61. Kf4 Kg6 62. Nxg7 $2 (62. Ke5 Kh6 63. Nxg7) 62... Rc2 63. g3 $2 ({Weaker is} 63. Nxf5 Rf2+ 64. Kxe4 Rxg2 $14) ({Only move:} 63. Ne8 $18) 63... Kf6 $1 $14 {[#] aiming for ...Rf2+.} 64. Nxf5 (64. Ra7 $14 Rf2+ 65. Ke3 Rf3+ 66. Ke2) 64... Rc5 $1 $11 {The position is equal.} 65. Kxe4 Rc4+ $1 66. Kd5 (66. Kd3 $5 {[%cal Rd3c4]} Ra4 67. Ke2 $11) 66... Ra4 67. Re4 Ra5+ 68. Kd4 {Threatens to win with Nd6.} Kxf5 {Precision: White = 37%, Black = 59%.} 1/2-1/2